000
00242nam a22000977a 4500
041
_a
ENG
245
_a
Handbook Of Basic Statistics Of Maharashtra State
260
_a
Delhi
_b
ICAR
_c
2000
650
_a
Competitive (47)
856
_u
Competitive (47)
999
_c
3079
_d
3079